Normal view
MARC view
Entry Topical Term
001 - CONTROL NUMBER
- control field: 21540
003 - CONTROL NUMBER IDENTIFIER
- control field: dpl
005 - DATE AND TIME OF LATEST TRANSACTION
- control field: 20100925114750.0
008 - FIXED-LENGTH DATA ELEMENTS
- fixed length control field: 100925|||a|||||| | ||| d
040 ## - CATALOGING SOURCE
- Original cataloging agency: dpl
- Transcribing agency: dpl
150 ## - HEADING--TOPICAL TERM
- Topical term or geographic name as entry element: global warming
670 ## - SOURCE DATA FOUND
- Source citation: Work cat.: (dpl)35592: Manser, Martin H. 21539, Guide to style:, 2010
670 ## - SOURCE DATA FOUND
- Source citation: Work cat.: (dpl)35592: Manser, Martin H. 21539, Guide to style:, 2010
